000 00429nam a2200145Ia 4500
008 231129s1996||||xx |||||||||||||| ||spa||
020 _a970-10-1260-7
040 _bspa
082 _a658.406 N787d
100 _aNolan Richard L.
245 0 _aDestrucción creativa: un proceso de seis pasos para transformar la organización
260 _c1996
264 _aMcGraw-Hill
942 _2ddc
_cBKS
999 _c9148
_d9148